Egyedi és kézműves termékek a tömegcikkek ellen - kézműves vásárok, mint turisztikai vonzerők

Bibliographic Details
Main Author: Kalocsai Viola
Other Authors: Szita Klára
Format: Thesis
Kulcsszavak:Kézműves termékek
Tömegtermelés
Hagyomány
Kézműves vásár
Örökség
Online Access:http://dolgozattar.uni-bge.hu/23063

MARC

LEADER 00000nta a2200000 i 4500
001 dolg23063
005 20200226103332.0
008 191120suuuu hu om 000 hun d
040 |a BGE Dolgozattár Repozitórium  |b hun 
041 |a hu 
100 1 |a Kalocsai Viola 
245 1 0 |a Egyedi és kézműves termékek a tömegcikkek ellen - kézműves vásárok, mint turisztikai vonzerők  |c Kalocsai Viola  |h [elektronikus dokumentum] 
695 |a Kézműves termékek 
695 |a Tömegtermelés 
695 |a Hagyomány 
695 |a Kézműves vásár 
695 |a Örökség 
700 1 |a Szita Klára  |e ths 
856 4 0 |u http://dolgozattar.uni-bge.hu/23063/1/Kalocsai%20Viola%20F4CZFM%20Szakdolgozat.pdf  |z Dokumentum-elérés